The involvement of women in cidse pig raising in mukkampol district, kandal province, ការចូលរួមរបស់ស្រ្តីក្នុងការចិញ្ចឹមជ្រូក នៃកម្មវិធីអង្គការ ស៊ីដសេ ស្រុកមុខកំពូល ខេត្តកណ្តាល (Record no. 2016)

000 -LEADER
fixed length control field 00717nam a22001577a 4500
003 - CONTROL NUMBER IDENTIFIER
control field OSt
005 - DATE AND TIME OF LATEST TRANSACTION
control field 20151006130908.0
008 - FIXED-LENGTH DATA ELEMENTS--GENERAL INFORMATION
fixed length control field 151006b xxu||||| |||| 00| 0 eng d
040 ## - CATALOGING SOURCE
Transcribing agency AUR
082 ## - DEWEY DECIMAL CLASSIFICATION NUMBER
Classification number AVM THI 2000 B072 Or.1
100 ## - MAIN ENTRY--PERSONAL NAME
9 (RLIN) 2146
Personal name THIM, BUNTHOEUN.
245 ## - TITLE STATEMENT
Title The involvement of women in cidse pig raising in mukkampol district, kandal province, ការចូលរួមរបស់ស្រ្តីក្នុងការចិញ្ចឹមជ្រូក នៃកម្មវិធីអង្គការ ស៊ីដសេ ស្រុកមុខកំពូល ខេត្តកណ្តាល
260 ## - PUBLICATION, DISTRIBUTION, ETC. (IMPRINT)
Place of publication, distribution, etc. Phnom Penh
Name of publisher, distributor, etc. RUA
Date of publication, distribution, etc. 2000
300 ## - PHYSICAL DESCRIPTION
Extent viii; 63p.
Other physical details ill.
Dimensions 29cm.
942 ## - ADDED ENTRY ELEMENTS (KOHA)
Source of classification or shelving scheme
Koha item type AVM
Holdings
Price effective from Date last seen Permanent Location Not for loan Date acquired Source of classification or shelving scheme Koha item type Barcode Lost status Damaged status Shelving location Withdrawn status Current Location Full call number
2015-10-062015-10-06Library Block B 2015-10-06 AVMRUA025756  B072 Library Block BAVM THI 2000 B072 Or.1
2015-10-062015-10-06Library Block B 2015-10-06 AVMRUA025828  B072 Library Block BAVM THI 2000 B072 Or.2
មជ្ឈមណ្ឌលឯការនៃសាកលវិទ្យាល័យភូមិន្ទកសិកម្មចំការដូង

Powered by Koha